|
|
|
|
| LEADER |
00721nab#a2200301#ar4500 |
| 001 |
000079947 |
| 003 |
SVKKK |
| 005 |
20060726094946.0 |
| 008 |
040621c2005 xo e slo |
| FMT |
|
|
|
| 038 |
|
|
|a SVKKK
|
| 040 |
|
|
|a SVKKK
|b slo
|e AACR2
|
| 041 |
0 |
|
|a slo
|
| 044 |
|
|
|a xo
|c SK
|
| 080 |
|
|
|a 37
|2 1997
|
| 080 |
|
|
|a 81=214.58
|2 1997
|
| 100 |
1 |
|
|a Berko, Milan
|4 aut
|
| 245 |
1 |
0 |
|a Prvé (rómske) lastovičky v školskej reforme
|c Milan Berko
|
| 300 |
|
|
|b Fotogr.
|
| 650 |
0 |
4 |
|a školská reforma
|x rómsky jazyk
|x integrácia
|
| 773 |
0 |
|
|t Romano nevo ľil
|g Roč. 15, č. 688-694 (2005), s. 9
|
| 958 |
|
|
|a RQ
|
| 974 |
|
|
|a Fav
|
| 992 |
|
|
|a RBX
|
| BAS |
|
|
|
| 852 |
|
|
|a SVKKK
|b BIB
|
| EXP |
|
|
|
| 998 |
|
|
|a ROM
|